| 000 | 01266nam a2200301 a 4500 | ||
|---|---|---|---|
| 001 | 000024390 | ||
| 005 | 20200930022950.0 | ||
| 008 | 110126s1991 ag a 000 | spa d | ||
| 020 | _a9506942013 | ||
| 040 |
_aDO-SdBNP _bspa _cBNPHU |
||
| 041 | 1 | 7 |
_aeng _hspa _2Código de idioma MARC |
| 082 |
_a327.73 _bN994n |
||
| 100 | 1 |
_aNye., Joseph S. _950017 |
|
| 240 | 1 | 0 |
_aBound to lead : the changing nature of american power. _lEspañol |
| 245 | 1 | 3 |
_aLa naturaleza cambiante del poder norteamericano / _cJoseph S. Nye; traducción de Cristina Piña. |
| 260 |
_aBuenos Aries, (Argentina) : _bGrupo Editor Latinoamericano, _c1991. |
||
| 300 |
_a245 p. : _bil. ; _c20 cm. |
||
| 490 | 1 |
_aEstudios Internationales _v212, _v312. |
|
| 490 | 1 | _aEstudios Políticos Internacionales | |
| 500 | _aIncluye notas e índice general | ||
| 534 |
_aTítulodel original en inglés : _tBound to lead : the changing nature of american power |
||
| 650 | 4 |
_aEstados unidos _xRelaciones exteriores _950018 |
|
| 650 | 4 |
_aPolítica internacional _zEstados Unidos _950019 |
|
| 650 | 4 |
_aRelaciones internacionales _xEstados unidos _950020 |
|
| 700 | 1 |
_aPiña, Cristina, _etr. _947086 |
|
| 830 | 0 |
_aEstudios Internationales; _pEstudios Políticos Internacionales _v212.312 _950021 |
|
| 049 | _aBNRG | ||
| 999 |
_c23883 _d23883 |
||